Statistiques concernant Films avec Jim Carrey par image

Cliquez ici pour prendre le quiz!

Statistiques générales

  • Ce quiz a été pris 150 fois
  • Le résultat moyen est 6 sur 12

Statistiques - réponses

Réponse% Correct
The Mask
99%
Le Grinch
95%
The Truman Show
74%
Dumb and Dumber
55%
Ace Ventura en Afrique
54%
Eternal Sunshine of the Spotless Mind
54%
Menteur menteur
39%
Fous d'Irene
26%
Yes Man
26%
Les Désastreuses Aventures des orphelins Baudelaire
24%
M Poppers et ses Pingouins
7%
Jim et Andy
3%

Distribution des résultats

Percentile par nombre de réponses

% des personnes avec chaque résultat

Votre développement - résultats

Vous n’avez pas pris ce quiz